000 00315nam a22001457a 4500
008 210518b ||||| |||| 00| 0 eng d
020 _a0205086829
041 _aeng
080 _a338
082 _a338
100 _a53
101 _aMEN
245 _aTeaching Retarded Learners
_cJohn Langone
942 _2udc
_cBK
999 _c57387
_d57387